000 00756cam a2200265 4500
008 090401t1996 xxu||||| |||| 00| 0 eng d
020 _a0421535407
035 _a(Sirsi) u8952
041 _aeng
050 _a711.1
100 _aBlundell, Lionel Alleyne
245 _aBlundell & Dobry`s planning applications, appeals and proceedings
250 _a5th ed.
260 _aLondon
_bSweet and Maxwell
_c1996
300 _alxiii,511p. ; 25cm.
350 _a50
650 _aPLANNING APPEALS
650 _aPLANNING APPLICATIONS
650 _aPLANNING PROCEEDINGS
690 _aPLANNING LAW AND PRACTICE
700 _aDobry, George
700 _aHart, Garry, Robinson, Patrick & Williams, Anne,
_xEditor
942 _n0
948 _c04/03/1997
999 _c86582
_d86582